A Game of Thrones Book Multiple Choice - Statistics

General Stats
  • This quiz has been taken 127 times
  • The average score is 13 of 15
Answer Stats
Question Answer % Correct
Who does Ned discover is the actual father of Joffrey? Jaime Lannister
100%
What is the motto of house Stark? Winter is Coming
100%
What animal mortally wounded King Robert during his hunt? Boar
98%
Which type of bird is preferred by most in the Seven Kingdoms to carry messages from one to another? Raven
98%
Maester Aemon of the Night's Watch reveals to Jon that he is in fact a member of which family? Targaryen
98%
Which lord must the Starks make a deal with in order to cross the river on their way to fight the Lannister army? Part of the deal involves Robb committing to marry one of the lord's daughters. Walder Fray
98%
Who stands as champion for Tyrion Lannister during his trial by combat in the Vale? Bronn
96%
True or False? Tyrion Lannister is the one primarily responsible for Bran becoming crippled. False
96%
Which of the below answers correctly depicts the ages of the Stark children from oldest to youngest? (Jon Snow not included) Robb --> Sansa --> Arya --> Bran --> Rickon
96%
What does Viserys agree to sell Daenerys to the Dothraki for? An army of Dothraki warriors to fight for the throne
92%
All of the following are names of Stark direwolves EXCEPT? Silver
88%
True or False? The Night's Watch has historically been held in high regard and has a long list of qualified names wishing to take the black so being accepted as a brother is a very prestigious honor. False
76%
Which actor portrayed Ned Stark in the HBO series adaptation of the book? Sean Bean
76%
All of the following are members of King Robert's small council EXCEPT? Tywin Lannister
71%
Who wins the jousting tournament held in honor of Ned's promotion to Hand of the King? Sandor "The Hound" Clegane
16%
No matching quizzes found
Score Distribution
Percent of People with Each Score
Percentile by Number Answered
Your Score History
You have not taken this quiz